MARC

LEADER 00000nam0a2200000 4500
001 247075
005 20231101232252.0
035 |a (RuTPU)RU\TPU\book\268548 
090 |a 247075 
100 |a 20131216d1969 k y0rusy50 ca 
101 0 |a rus 
102 |a RU 
105 |a a z 001zy 
200 1 |a Проблемы теоретической физики  |e сборник статей  |f Академия наук СССР (АН СССР) ; под ред. Д. И. Блохинцева 
210 |a Москва  |c Наука  |d 1969 
215 |a 430 с.  |c ил. 
320 |a Библиогр. в конце статей 
600 1 |a Боголюбов  |b Н. Н.  |c российский физик-теоретик  |c математик  |f 1909-1992  |g Николай Николаевич  |2 stltpush  |3 (RuTPU)RU\TPU\pers\11678  |9 2847 
606 1 |a Физика теоретическая  |2 stltpush  |3 (RuTPU)RU\TPU\subj\63728  |9 80703 
610 1 |a проблемы 
610 1 |a Вселенная 
610 1 |a Земля 
610 1 |a принцип Маха 
610 1 |a квантовая теория атома 
610 1 |a операторы 
610 1 |a интегралы Фейнмана 
610 1 |a элементарные частицы 
610 1 |a теория 
610 1 |a метод Боголюбова-Тябликова 
610 1 |a применение 
610 1 |a функции Грина 
610 1 |a волновые функции 
610 1 |a волновые уравнения 
610 1 |a исследования 
675 |a 530.1  |v 3 
702 1 |a Блохинцев  |b Д. И.  |4 340 
712 0 2 |a Академия наук СССР (АН СССР)  |2 stltpush  |3 (RuTPU)RU\TPU\col\722 
801 1 |a RU  |b 63413507  |c 20131216 
801 2 |a RU  |b 63413507  |c 20131223  |g RCR 
942 |c BK